[Event "Yinzhou Cup"]
[Site "Ningbo CHN"]
[Date "2019.12.22"]
[EventDate "2019.12.22"]
[Round "2.2"]
[Result "1/2-1/2"]
[White "Ding Liren"]
[Black "Wang Hao"]
[WhiteElo "2801"]
[BlackElo "2756"]
[PlyCount "64"]

1. c4 e6 2. Nc3 d5 3. d4 Be7 4. cxd5 exd5 5. Bf4 Nf6 6. e3 O-O
7. Bd3 c5 8. Nge2 Nc6 9. O-O c4 10. Bc2 a6 11. Be5 Ng4 12. Bg3
Nf6 13. a4 Nb4 14. Bb1 Nh5 15. b3 cxb3 16. Qxb3 a5 17. Na2 Be6
18. Nxb4 axb4 19. Rc1 Nxg3 20. hxg3 Qa5 21. Bd3 Rfc8 22. Nf4
Rxc1+ 23. Rxc1 Qxa4 24. Qb1 g6 25. Nxe6 fxe6 26. Bxg6 hxg6
27. Qxg6+ Kf8 28. Rc7 Re8 29. Qh6+ Kf7 30. Qh7+ Kf8 31. Qh6+
Kf7 32. Qh7+ Kf8 1/2-1/2

[Event "Yinzhou Cup"]
[Site "Ningbo CHN"]
[Date "2019.12.22"]
[EventDate "2019.12.22"]
[Round "3.2"]
[Result "1/2-1/2"]
[White "Wang Hao"]
[Black "Bu Xiangzhi"]
[WhiteElo "2756"]
[BlackElo "2705"]
[PlyCount "62"]

1. e4 e5 2. Nf3 Nf6 3. Nxe5 d6 4. Nf3 Nxe4 5. Nc3 Nxc3 6. dxc3
Be7 7. Be3 Nc6 8. Qd2 O-O 9. O-O-O Bf5 10. Kb1 Qd7 11. h4 Rfe8
12. Bc4 Bf6 13. Bg5 Be5 14. Nxe5 Nxe5 15. Be2 Qc6 16. f3 Nc4
17. Bxc4 Qxc4 18. Rhe1 h6 19. Bf4 Qc6 20. Be3 a5 21. Bd4 Rxe1
22. Qxe1 f6 23. Qg3 Qe8 24. Bxf6 Qg6 25. Qxg6 Bxg6 26. Bd4 Re8
27. Kc1 Re2 28. Rd2 Re1+ 29. Rd1 Re2 30. Rd2 Re1+ 31. Rd1 Re2
1/2-1/2

[Event "Yinzhou Cup"]
[Site "Ningbo CHN"]
[Date "2019.12.22"]
[EventDate "2019.12.22"]
[Round "4.1"]
[Result "1/2-1/2"]
[White "Yu Yangyi"]
[Black "Wang Hao"]
[WhiteElo "2738"]
[BlackElo "2756"]
[PlyCount "101"]

1. e4 e5 2. Nf3 Nc6 3. Bb5 Nf6 4. Nc3 Nd4 5. Nxe5 Qe7 6. f4
Nxb5 7. Nxb5 d6 8. Nf3 c6 9. Nc3 Nxe4 10. O-O Nxc3 11. dxc3
Qd8 12. Re1+ Be7 13. Qe2 Bg4 14. f5 Bxf3 15. gxf3 Kf8 16. Bf4
Bg5 17. Bg3 Bh4 18. Rad1 Bxg3 19. hxg3 Qf6 20. Qe4 Rd8 21. Qb4
Rd7 22. Re4 g6 23. Qd4 Kg7 24. fxg6 hxg6 25. Kg2 Qxd4 26. cxd4
d5 27. Re3 Kf6 28. Rde1 Rc8 29. c3 b6 30. g4 c5 31. Rd1 cxd4
32. Rxd4 Rc4 33. Red3 Rxd4 34. Rxd4 Rd8 35. Kg3 Ke6 36. Kf4
Rh8 37. Ra4 Rh2 38. Rxa7 Rxb2 39. a4 Rc2 40. Rb7 Rxc3
41. Rxb6+ Ke7 42. a5 Ra3 43. a6 d4 44. Rb7+ Ke6 45. a7 d3
46. Ke3 g5 47. Kd2 f6 48. Ke3 Ke5 49. Rd7 Ke6 50. Rb7 Ke5
51. Rd7 1/2-1/2

[Event "Yinzhou Cup"]
[Site "Ningbo CHN"]
[Date "2019.12.23"]
[EventDate "2019.12.22"]
[Round "5.4"]
[Result "1/2-1/2"]
[White "Bu Xiangzhi"]
[Black "Wang Hao"]
[WhiteElo "2705"]
[BlackElo "2756"]
[PlyCount "92"]

1. Nf3 d5 2. d4 Nf6 3. c4 e6 4. Nc3 c5 5. e3 Nc6 6. a3 a6
7. dxc5 Bxc5 8. b4 Bd6 9. Bb2 O-O 10. Rc1 dxc4 11. Bxc4 b5
12. Bd3 Ne5 13. Nxe5 Bxe5 14. f4 Bxc3+ 15. Bxc3 Bb7 16. O-O
Rc8 17. Bd4 Rxc1 18. Qxc1 Be4 19. Bxe4 Nxe4 20. Qc6 Nd2
21. Rf2 Nb3 22. Bxg7 Kxg7 23. Qc3+ Qf6 24. Qxb3 Rc8 25. Rc2
Qa1+ 26. Kf2 Rxc2+ 27. Qxc2 Qxa3 28. Qd2 h6 29. g4 Qb3
30. Qd4+ Kg8 31. g5 Qc2+ 32. Kg3 Qb1 33. gxh6 Qg6+ 34. Kf3
Qh5+ 35. Kg3 Qg6+ 36. Kf2 Qxh6 37. Qd8+ Kh7 38. Qd3+ Kg8
39. Qd8+ Kh7 40. h4 Qg6 41. Qc7 Qf6 42. Kf3 Qf5 43. Kg3 Qg6+
44. Kf2 Qf6 45. Kg3 Qg6+ 46. Kf3 Qf5 1/2-1/2

[Event "Yinzhou Cup"]
[Site "Ningbo CHN"]
[Date "2019.12.23"]
[EventDate "2019.12.22"]
[Round "6.4"]
[Result "1/2-1/2"]
[White "Wang Hao"]
[Black "Ding Liren"]
[WhiteElo "2756"]
[BlackElo "2801"]
[PlyCount "55"]

1. d4 Nf6 2. c4 e6 3. Nf3 d5 4. Nc3 c6 5. e3 Nbd7 6. Qc2 Bd6
7. Bd3 dxc4 8. Bxc4 b5 9. Be2 O-O 10. O-O a6 11. Ng5 Be7
12. e4 h6 13. Nf3 b4 14. Na4 c5 15. Nxc5 Nxc5 16. dxc5 Bb7
17. c6 Rc8 18. Rd1 Rxc6 19. Rxd8 Rxc2 20. Rxf8+ Kxf8 21. Nd4
Rc8 22. f3 Nd7 23. Be3 Ne5 24. Nb3 Rc2 25. Bd1 Rc7 26. Be2 Rc2
27. Bd1 Rc7 28. Be2 1/2-1/2

[Event "World Rapid Championship"]
[Site "Moscow RUS"]
[Date "2019.12.26"]
[EventDate "2019.12.26"]
[Round "1.17"]
[Result "1-0"]
[White "Hao Wang"]
[Black "Andrey Rychagov"]
[WhiteElo "2756"]
[BlackElo "2545"]
[PlyCount "70"]

1. e4 e6 2. d4 d5 3. Nc3 dxe4 4. Nxe4 Nd7 5. Nf3 Ngf6 6. Bd3 Nxe4 7. Bxe4 Nf6 8.
Bg5 Be7 9. Bxf6 Bxf6 10. Qd3 c5 11. Qb5+ Bd7 12. Qxc5 Be7 13. Qh5 Qb6 14. O-O g6
15. Qh6 Bf8 16. Qd2 Bg7 17. c3 O-O 18. Rfe1 Rfd8 19. h4 Bc6 20. Qc2 Rac8 21.
Rad1 Qa5 22. Bxc6 Rxc6 23. a3 Qd5 24. Ne5 Rc7 25. Qe2 b5 26. Nd3 Bf8 27. h5 Bd6
28. Ne5 a5 29. a4 bxa4 30. c4 Qb7 31. Ng4 Bf8 32. hxg6 hxg6 33. Nf6+ Kh8 34. Qe5
Bd6 35. Qg5 1-0

[Event "World Rapid Championship"]
[Site "Moscow RUS"]
[Date "2019.12.26"]
[EventDate "2019.12.26"]
[Round "2.13"]
[Result "0-1"]
[White "Vladislav Kovalev"]
[Black "Hao Wang"]
[WhiteElo "2662"]
[BlackElo "2756"]
[PlyCount "118"]

1. e4 e5 2. Nf3 Nc6 3. Bb5 a6 4. Ba4 d6 5. O-O Bd7 6. d4 Nxd4 7. Bxd7+ Qxd7 8.
Nxd4 exd4 9. Qxd4 Nf6 10. b3 Be7 11. Bb2 O-O 12. c4 Rfe8 13. Nc3 Bf8 14. Rfe1 c6
15. Rad1 Qc7 16. Re3 Re6 17. Rde1 Rae8 18. R3e2 b5 19. h3 b4 20. Na4 c5 21. Qd3
Nd7 22. f4 Qd8 23. Qf3 g6 24. Qf1 Bg7 25. f5 gxf5 26. Bxg7 Kxg7 27. exf5 Rxe2
28. Rxe2 Rxe2 29. Qxe2 Qg5 30. Qe4 Qg3 31. Nb2 Nf6 32. Qd3 Qe1+ 33. Kh2 Qe5+ 34.
Qg3+ Qxg3+ 35. Kxg3 Ne4+ 36. Kf4 Nc3 37. g4 Nxa2 38. g5 Nc1 39. Ke4 Kf8 40. Kd5
Ke7 41. Na4 Nxb3 42. Nb6 Nd2 43. f6+ Kd8 44. h4 b3 45. Na4 Kd7 46. h5 Nf3 47.
Nb6+ Ke8 48. Na4 Kd7 49. Nb6+ Kc7 50. g6 b2 51. Na8+ Kb7 52. gxf7 b1=Q 53. f8=Q
Qd3+ 54. Ke6 Ng5+ 55. Ke7 Qe4+ 56. Kxd6 Qd4+ 57. Ke7 Qe5+ 58. Kd7 Qe6+ 59. Kd8
Nf7+ 0-1

[Event "World Rapid Championship"]
[Site "Moscow RUS"]
[Date "2019.12.26"]
[EventDate "2019.12.26"]
[Round "3.4"]
[Result "1-0"]
[White "Hao Wang"]
[Black "Dmitry Bocharov"]
[WhiteElo "2756"]
[BlackElo "2524"]
[PlyCount "104"]

1. e4 c5 2. Nf3 e6 3. c3 d5 4. exd5 Qxd5 5. d4 Nf6 6. Na3 Nc6 7. Be3 cxd4 8. Nb5
Qd8 9. Nbxd4 Nxd4 10. Bxd4 Bd6 11. Qd2 Be7 12. Bd3 O-O 13. O-O b6 14. Rad1 Qc7
15. Qc2 Bb7 16. Bxf6 Bxf3 17. Bxe7 Bxd1 18. Bxh7+ Kh8 19. Qxd1 Kxh7 20. Bxf8
Rxf8 21. Qd3+ Kg8 22. Rd1 Qe5 23. g3 b5 24. Qe3 Qf5 25. Qd3 Qc5 26. h4 a5 27. a3
Rc8 28. Qd7 Rf8 29. Rd4 Qf5 30. Kg2 Qc5 31. Qb7 Re8 32. Rd7 Qf5 33. Qf3 Qxf3+
34. Kxf3 Rc8 35. Rd4 Rc5 36. Ke3 Kf8 37. Rg4 f5 38. Rd4 Ke7 39. f4 g6 40. Kd3 a4
41. c4 e5 42. fxe5 Rxe5 43. cxb5 Rxb5 44. Rb4 Rd5+ 45. Ke3 Ra5 46. Kf4 Ra6 47.
Kg5 Kf7 48. Rb7+ Kf8 49. h5 gxh5 50. Kxh5 Rd6 51. Kg5 Rd3 52. Kf4 1-0

[Event "World Rapid Championship"]
[Site "Moscow RUS"]
[Date "2019.12.26"]
[EventDate "2019.12.26"]
[Round "4.2"]
[Result "1/2-1/2"]
[White "Alexander Zubov"]
[Black "Hao Wang"]
[WhiteElo "2601"]
[BlackElo "2756"]
[PlyCount "36"]

1. d4 Nf6 2. Nf3 d5 3. c4 e6 4. e3 b6 5. b3 Bb7 6. Bb2 Nbd7 7. Bd3 Bd6 8. O-O
O-O 9. Ne5 dxc4 10. Nxc4 Be7 11. Qe2 c5 12. Nbd2 cxd4 13. Bxd4 Nc5 14. Bc2 Qd5
15. f3 Rfd8 16. Rfd1 Qh5 17. Nf1 Ba6 18. Rac1 Rac8 1/2-1/2

[Event "World Rapid Championship"]
[Site "Moscow RUS"]
[Date "2019.12.26"]
[EventDate "2019.12.26"]
[Round "5.7"]
[Result "1-0"]
[White "Hao Wang"]
[Black "Alexei Shirov"]
[WhiteElo "2756"]
[BlackElo "2684"]
[PlyCount "174"]

1. d4 d5 2. Nf3 Nf6 3. c4 c6 4. e3 Bg4 5. Qb3 Qb6 6. Nc3 e6 7. Nh4 Nbd7 8. h3
Bh5 9. g4 Bg6 10. Nxg6 hxg6 11. Bg2 g5 12. O-O Be7 13. Rd1 Nf8 14. cxd5 exd5 15.
e4 Qxb3 16. axb3 Nxe4 17. Nxe4 dxe4 18. Be3 Ne6 19. d5 cxd5 20. Rxd5 a6 21. Ra4
Rd8 22. Rxd8+ Kxd8 23. Rc4 Kd7 24. Bxe4 b5 25. Rc1 Rxh3 26. Bc6+ Kd6 27. Be8 Rh4
28. Bxf7 Rxg4+ 29. Kf1 Bf6 30. Ra1 Ke7 31. Bg8 Rh4 32. Rxa6 Nf4 33. Kg1 Rg4+ 34.
Kf1 Rh4 35. Kg1 Rg4+ 36. Kh2 Be5 37. Kh1 Bd4 38. Bxd4 Rh4+ 39. Kg1 Ne2+ 40. Kf1
Nxd4 41. Rg6 Kf8 42. Bd5 g4 43. Rg5 Nf3 44. Rf5+ Ke7 45. Kg2 Kd6 46. Bxf3 gxf3+
47. Kg3 Rb4 48. Rxf3 Ke5 49. Rc3 g5 50. Kf3 g4+ 51. Kg3 Kf5 52. Re3 Kg5 53. Kg2
Kf4 54. Rc3 Rd4 55. Rc5 Rb4 56. Rc3 Rd4 57. Kf1 Rd2 58. Rc5 b4 59. Kg2 g3 60.
Rc4+ Kf5 61. Kxg3 Rd3+ 62. Kg2 Rxb3 63. Rc2 Ke4 64. Rd2 Kf4 65. Kf1 Ke4 66. Ke2
Rh3 67. Kd1 b3 68. Ke2 Rh8 69. Rd3 Rb8 70. Kd2 Rb7 71. Re3+ Kd4 72. Rh3 Rf7 73.
Rd3+ Kc4 74. Rc3+ Kb4 75. Ke2 Re7+ 76. Re3 Rf7 77. Re4+ Kb5 78. f4 Rh7 79. Kd3
Rh1 80. Re2 Rf1 81. Ke4 Kc4 82. f5 Kb4 83. Ke5 Kc4 84. f6 Kd3 85. Rg2 Rf3 86.
Ke6 Re3+ 87. Kf5 Rf3+ 1-0

[Event "World Rapid Championship"]
[Site "Moscow RUS"]
[Date "2019.12.27"]
[EventDate "2019.12.26"]
[Round "7.3"]
[Result "1-0"]
[White "Hao Wang"]
[Black "Ilia Smirin"]
[WhiteElo "2756"]
[BlackElo "2607"]
[PlyCount "114"]

1. d4 Nf6 2. c4 g6 3. Nc3 Bg7 4. e4 d6 5. h3 Nbd7 6. Be3 e5 7. d5 Nc5 8. Qc2 a5
9. Nf3 Qe7 10. g4 h5 11. g5 Nfd7 12. O-O-O O-O 13. Kb1 a4 14. Nd2 Nb6 15. Be2
Bd7 16. Rc1 Rfc8 17. h4 c6 18. a3 Be8 19. f3 Nbd7 20. Qd1 Qd8 21. Bf1 Rc7 22.
Qe2 Qe7 23. Bh3 Nb6 24. Rhd1 Rd8 25. Na2 Bd7 26. Bxd7 Nbxd7 27. Nb4 Rcc8 28. Rc3
Bf8 29. Rdc1 Qe8 30. Qd1 Bg7 31. Nd3 cxd5 32. cxd5 Bf8 33. Nb4 Be7 34. Qe2 Nb6
35. R3c2 Qd7 36. Qf1 Qe8 37. Na2 f6 38. gxf6 Bxf6 39. Nc3 Bxh4 40. Nb5 Be7 41.
Nxd6 Bxd6 42. Bxc5 Bxc5 43. Rxc5 Rxc5 44. Rxc5 Rc8 45. Rxc8 Nxc8 46. Qc4 Nd6 47.
Qc7 Qf8 48. Qd7 Qf6 49. f4 Qxf4 50. Qxd6 Qxd2 51. Qxg6+ Kf8 52. Qf5+ Kg8 53.
Qe6+ Kh7 54. d6 Qd3+ 55. Ka2 Kg7 56. d7 h4 57. Qd5 1-0

[Event "World Rapid Championship"]
[Site "Moscow RUS"]
[Date "2019.12.27"]
[EventDate "2019.12.26"]
[Round "8.2"]
[Result "1/2-1/2"]
[White "Shakhriyar Mamedyarov"]
[Black "Hao Wang"]
[WhiteElo "2772"]
[BlackElo "2756"]
[PlyCount "34"]

1. d4 Nf6 2. c4 e6 3. Nc3 d5 4. Nf3 c5 5. cxd5 Nxd5 6. e4 Nxc3 7. bxc3 cxd4 8.
cxd4 Bb4+ 9. Bd2 Bxd2+ 10. Qxd2 O-O 11. Bc4 Nd7 12. O-O b6 13. Rad1 Bb7 14. Rfe1
Rc8 15. Bb3 h6 16. h3 Qc7 17. d5 1/2-1/2

[Event "World Rapid Championship"]
[Site "Moscow RUS"]
[Date "2019.12.27"]
[EventDate "2019.12.26"]
[Round "9.3"]
[Result "1/2-1/2"]
[White "Hao Wang"]
[Black "Ian Nepomniachtchi"]
[WhiteElo "2756"]
[BlackElo "2767"]
[PlyCount "24"]

1. e4 c5 2. Nf3 d6 3. Bb5+ Nd7 4. d4 cxd4 5. Qxd4 a6 6. Bxd7+ Bxd7 7. c4 e5 8.
Qd3 b5 9. Nc3 bxc4 10. Qxc4 Be6 11. Qc6+ Bd7 12. Qc4 1/2-1/2

[Event "World Rapid Championship"]
[Site "Moscow RUS"]
[Date "2019.12.27"]
[EventDate "2019.12.26"]
[Round "10.2"]
[Result "1/2-1/2"]
[White "Hao Wang"]
[Black "Vachier-Lagrave, Maxime"]
[WhiteElo "2756"]
[BlackElo "2780"]
[PlyCount "24"]

1. d4 Nf6 2. c4 g6 3. Nc3 d5 4. cxd5 Nxd5 5. e4 Nxc3 6. bxc3 Bg7 7. Nf3 c5 8.
Bb5+ Nc6 9. O-O O-O 10. Bxc6 bxc6 11. Be3 Qa5 12. Qd2 1/2-1/2

[Event "World Rapid Championship"]
[Site "Moscow RUS"]
[Date "2019.12.28"]
[EventDate "2019.12.26"]
[Round "11.3"]
[Result "1-0"]
[White "Dominguez Perez, Leinier"]
[Black "Hao Wang"]
[WhiteElo "2758"]
[BlackElo "2756"]
[PlyCount "118"]

1. e4 e5 2. Nf3 Nc6 3. Bc4 Bc5 4. c3 Nf6 5. d3 d6 6. O-O h6 7. Re1 O-O 8. h3 a6
9. a4 Ba7 10. Nbd2 Re8 11. b4 Be6 12. Bxe6 Rxe6 13. Qc2 Qd7 14. Nf1 Ne7 15. Be3
Ng6 16. Bxa7 Rxa7 17. Ne3 Re8 18. Rad1 Raa8 19. Kh2 Rad8 20. g3 c6 21. c4 d5 22.
c5 Qc8 23. Nf5 Qc7 24. Nd6 Re6 25. a5 Ne8 26. Nf5 Nf6 27. Kg2 Ne7 28. N3h4 Nxf5
29. Nxf5 Qd7 30. Qc1 Kh7 31. h4 Ree8 32. Nd6 Re6 33. f4 Nh5 34. f5 Rxd6 35. cxd6
Qxd6 36. Qc5 Qc7 37. Kf3 Re8 38. g4 Nf4 39. d4 Qd8 40. dxe5 Qxh4 41. Kxf4 Qh2+
42. Kf3 Rxe5 43. Qf2 dxe4+ 44. Ke2 Qh3 45. Rg1 Qb3 46. Qe3 Qxb4 47. Rb1 Qc4+ 48.
Kf2 Rxa5 49. Rb2 Qd5 50. Rd2 Qe5 51. Kg2 Rc5 52. Qd4 Qf4 53. Qxc5 Qxd2+ 54. Qf2
Qg5 55. Qe2 e3 56. Kf3 Qh4 57. Qxe3 f6 58. Qe1 Qg5 59. Qc1 1-0

[Event "World Rapid Championship"]
[Site "Moscow RUS"]
[Date "2019.12.28"]
[EventDate "2019.12.26"]
[Round "12.4"]
[Result "1/2-1/2"]
[White "Hao Wang"]
[Black "Anton Korobov"]
[WhiteElo "2756"]
[BlackElo "2668"]
[PlyCount "88"]

1. d4 d5 2. Nf3 Nf6 3. c4 c6 4. e3 Bf5 5. Nc3 e6 6. Nh4 Be4 7. f3 Bg6 8. Qb3 Qc7
9. Bd2 Be7 10. Nxg6 hxg6 11. g4 Nbd7 12. O-O-O dxc4 13. Bxc4 b5 14. Bd3 a6 15.
g5 Nd5 16. h4 Nb4 17. Ne4 Nxd3+ 18. Qxd3 c5 19. dxc5 Nxc5 20. Qc2 Rc8 21. Kb1
Nxe4 22. Qxe4 Qc4 23. Qxc4 Rxc4 24. f4 b4 25. b3 Rc7 26. Bc1 Rd7 27. Rdg1 Bc5
28. Rg2 Ke7 29. Bb2 Rh7 30. Rh3 Rd1+ 31. Kc2 Rd7 32. Rd2 Rxd2+ 33. Kxd2 f6 34.
Kd3 Kf7 35. Rh2 Be7 36. gxf6 gxf6 37. Bd4 Rh5 38. Rc2 e5 39. fxe5 fxe5 40. Bc5
Rxh4 41. Bxe7 Kxe7 42. Rc6 a5 43. Rxg6 Rh2 44. Ke4 1/2-1/2

[Event "World Rapid Championship"]
[Site "Moscow RUS"]
[Date "2019.12.28"]
[EventDate "2019.12.26"]
[Round "13.6"]
[Result "1/2-1/2"]
[White "Levon Aronian"]
[Black "Hao Wang"]
[WhiteElo "2775"]
[BlackElo "2756"]
[PlyCount "40"]

1. Nf3 d5 2. d4 Nf6 3. Bf4 e6 4. e3 Bd6 5. Bg3 O-O 6. Nbd2 c5 7. c3 Qc7 8. dxc5
Qxc5 9. Bd3 Nbd7 10. Qe2 Rd8 11. e4 dxe4 12. Nxe4 Nxe4 13. Bxe4 Bxg3 14. Bxh7+
Kxh7 15. hxg3+ Kg8 16. O-O-O Re8 17. Rxd7 Bxd7 18. Ne5 f6 19. Rh8+ Kxh8 20. Qh5+
Kg8 1/2-1/2

[Event "World Rapid Championship"]
[Site "Moscow RUS"]
[Date "2019.12.28"]
[EventDate "2019.12.26"]
[Round "15"]
[Result "1/2-1/2"]
[White "Anton Demchenko"]
[Black "Hao Wang"]
[WhiteElo "2636"]
[BlackElo "2748"]
[PlyCount "152"]

1. e4 c5 2. Nf3 d6 3. Bb5+ Nd7 4. d4 cxd4 5. Qxd4 a6 6. Bxd7+ Bxd7 7. Nc3
Nf6 8. O-O e5 9. Qd3 h6 10. Nd2 Rc8 11. Nc4 Be6 12. Ne3 Be7 13. a4 O-O 14.
Rd1 Qc7 15. a5 Rfd8 16. Qe2 Bf8 17. Qf3 Qc5 18. h3 Be7 19. Bd2 g6 20. Be1
Kg7 21. Na4 Qc6 22. Nc3 Qe8 23. Na4 Qc6 24. Nc3 h5 25. b3 Re8 26. Ra2 Bd8
27. Ncd5 Bxd5 28. Nxd5 Nxd5 29. Rxd5 Re6 30. c4 b6 31. Qd3 bxa5 32. Bxa5
Be7 33. Bc3 Rb8 34. Rda5 Rb6 35. Bd2 Qc8 36. Be3 Rc6 37. Qd1 Bd8 38. Rd5
Bb6 39. Bxb6 Rxb6 40. Qd3 Qb8 41. Ra3 Re8 42. h4 Rc8 43. g3 Rcc6 44. Kg2
Rb4 45. Rda5 Rbb6 46. Rd5 Qc7 47. Rda5 Qe7 48. Rd5 g5 49. hxg5 Qxg5 50. Qf3
Rb8 51. Ra1 h4 52. Rd3 Rcb6 53. Rh1 hxg3 54. Qxg3 Qxg3+ 55. Rxg3+ Kf6 56.
Rf3+ Ke7 57. Rh7 Rf8 58. Rh6 Rc6 59. Rh1 Rg8+ 60. Kf1 a5 61. Rh7 Rf8 62.
Rc3 Kd7 63. Rf3 Ke6 64. Rc3 Rb6 65. Ke2 Kd7 66. Kd2 Kc6 67. Kc2 Kc5 68. Rf3
Kd4 69. Rhxf7 Rxf7 70. Rxf7 Kxe4 71. Kc3 Ra6 72. Rf6 Rc6 73. Rh6 Kf3 74.
Rf6+ Ke4 75. Rh6 Ra6 76. Rf6 Rc6 1/2-1/2

[Event "World Blitz Championship"]
[Site "Moscow RUS"]
[Date "2019.12.29"]
[EventDate "2019.12.29"]
[Round "1.24"]
[Result "1-0"]
[White "Roman Yanchenko"]
[Black "Hao Wang"]
[WhiteElo "2463"]
[BlackElo "2756"]
[PlyCount "146"]

1. d4 Nf6 2. c4 e6 3. Nf3 d5 4. Nc3 Nbd7 5. e3 c6 6. Qc2 Bd6 7. h3 b6 8. cxd5
exd5 9. Bd3 Bb7 10. O-O O-O 11. b3 Re8 12. Bb2 Rc8 13. Qe2 Nf8 14. Rac1 Ng6 15.
Rfd1 Nf4 16. Qf1 Nxd3 17. Qxd3 Rc7 18. Ne5 Rce7 19. f4 Nd7 20. Ne2 Nb8 21. Ng3
f6 22. Nf5 Re6 23. Ng4 Bf8 24. Re1 Nd7 25. Ng3 Qb8 26. Nf1 a5 27. Rc2 Qa8 28.
Ngh2 Ba6 29. Qd2 Bd6 30. Rec1 Bb7 31. a3 Nf8 32. b4 axb4 33. axb4 Qa4 34. Bc3
Qb5 35. Qf2 R6e7 36. Bd2 Qd3 37. Rc3 Qf5 38. Ng3 Qd7 39. Nhf1 Bxb4 40. Rb3 Bxd2
41. Qxd2 Qd8 42. Qb4 b5 43. Ra3 Rf7 44. Rca1 Bc8 45. Ra8 Qe7 46. Qc3 Bd7 47.
R8a7 Qd6 48. R7a6 Rfe7 49. Rc1 Ng6 50. Qb3 Qb8 51. Qb4 Kh8 52. Ra3 Nh4 53. Qc5
Ng6 54. Ra7 Nf8 55. Rca1 Ne6 56. Qb4 Qd8 57. Nf5 Rf7 58. Nd6 Qe7 59. Nxf7+ Qxf7
60. Qd6 Nf8 61. Qxc6 h6 62. Qd6 Qg6 63. Rxd7 Nxd7 64. Qxd7 b4 65. Qxd5 Rb8 66.
Ra8 Qe8 67. Rxb8 Qxb8 68. Qb3 Qb5 69. Kf2 Qa5 70. Nd2 Qb5 71. d5 Qc5 72. Qc4 Qa5
73. d6 1-0

[Event "World Blitz Championship"]
[Site "Moscow RUS"]
[Date "2019.12.29"]
[EventDate "2019.12.29"]
[Round "2.68"]
[Result "1-0"]
[White "Hao Wang"]
[Black "Vadim Moiseenko"]
[WhiteElo "2756"]
[BlackElo "2526"]
[PlyCount "74"]

1. e4 e5 2. Nf3 Nc6 3. Bc4 Nf6 4. d3 Be7 5. O-O O-O 6. Re1 d6 7. a4 Kh8 8. h3
Ng8 9. Nc3 f5 10. Nd5 Nf6 11. Ng5 Ng8 12. Qh5 Nh6 13. c3 f4 14. Nf3 Bd7 15. Nh2
Be8 16. Qd1 Bh4 17. a5 a6 18. b4 Qd7 19. Ra2 f3 20. Bxh6 gxh6 21. Nxf3 Bh5 22.
Nxe5 Nxe5 23. Qxh5 Nf3+ 24. Kf1 Nh2+ 25. Kg1 Nf3+ 26. Kh1 Nxe1 27. Qxh4 c6 28.
Ne3 Qg7 29. d4 Rae8 30. Re2 d5 31. Bxd5 cxd5 32. e5 Nd3 33. Nxd5 Rf5 34. f3 Rg8
35. Qe4 Rg5 36. g4 Qf7 37. Nf6 Nxb4 1-0

[Event "World Blitz Championship"]
[Site "Moscow RUS"]
[Date "2019.12.29"]
[EventDate "2019.12.29"]
[Round "3.41"]
[Result "1/2-1/2"]
[White "Mikhail Kobalia"]
[Black "Hao Wang"]
[WhiteElo "2609"]
[BlackElo "2756"]
[PlyCount "80"]

1. e4 e5 2. Nf3 Nc6 3. Bc4 Bc5 4. O-O Nf6 5. d3 d6 6. a4 a6 7. c3 Ba7 8. Nbd2
O-O 9. h3 Kh8 10. Re1 Ng8 11. Nf1 f5 12. exf5 Bxf5 13. Ng3 Bg6 14. Be3 Bxe3 15.
Rxe3 Nf6 16. d4 exd4 17. Nxd4 Nxd4 18. Qxd4 Qd7 19. a5 Rae8 20. Rae1 h6 21. Bd3
Bxd3 22. Qxd3 Rxe3 23. Rxe3 Re8 24. b4 Rxe3 25. Qxe3 Kg8 26. Ne4 Nxe4 27. Qxe4
c6 28. f4 Qf7 29. g4 Qf6 30. Qe8+ Kh7 31. Qe4+ g6 32. Qe3 Qf7 33. Kf2 Kg8 34.
Kg3 Kf8 35. Qd4 Ke7 36. Qe4+ Kd7 37. f5 g5 38. Kf3 Qf6 39. Qd4 Qxd4 40. cxd4 d5 1/2-1/2

[Event "World Blitz Championship"]
[Site "Moscow RUS"]
[Date "2019.12.29"]
[EventDate "2019.12.29"]
[Round "4.47"]
[Result "1-0"]
[White "Hao Wang"]
[Black "Krsnik Cohar, Ivan Vihor"]
[WhiteElo "2756"]
[BlackElo "2313"]
[PlyCount "64"]

1. e4 c6 2. Nc3 d5 3. Nf3 dxe4 4. Nxe4 Bf5 5. Ng3 Bg6 6. h4 h6 7. Ne5 Nd7 8.
Nxg6 fxg6 9. d4 Qc7 10. Bc4 O-O-O 11. Be6 Qd6 12. Qe2 Nf6 13. c3 Kb8 14. Bd2 Nd5
15. O-O-O Nc7 16. Bb3 e5 17. Be3 Nd5 18. dxe5 Qxe5 19. Bxd5 cxd5 20. Qb5 Nb6 21.
Bxb6 axb6 22. Qxb6 Bd6 23. Kb1 Qe6 24. Rhe1 Qg4 25. Rd4 Qc8 26. Rxd5 Bxg3 27.
Rxd8 Rxd8 28. fxg3 Qf5+ 29. Ka1 Rc8 30. a3 Qf7 31. Qd6+ Ka8 32. Qe6 1-0

[Event "World Blitz Championship"]
[Site "Moscow RUS"]
[Date "2019.12.29"]
[EventDate "2019.12.29"]
[Round "5.27"]
[Result "0-1"]
[White "Vladimir Belov"]
[Black "Hao Wang"]
[WhiteElo "2598"]
[BlackElo "2756"]
[PlyCount "122"]

1. e4 e5 2. Nf3 Nc6 3. Bb5 a6 4. Ba4 d6 5. O-O Bd7 6. c4 g6 7. d4 exd4 8. Bxc6
Bxc6 9. Bg5 f6 10. Qxd4 Bg7 11. Nc3 Qd7 12. Bf4 Ne7 13. Nd5 O-O 14. Qd2 f5 15.
Bg5 Rae8 16. Bxe7 Rxe7 17. Nxe7+ Qxe7 18. Rfe1 fxe4 19. Nd4 Bd7 20. Rad1 Qe5 21.
h3 h5 22. Nf3 Qf5 23. Ng5 Bc6 24. h4 Bh6 25. b4 Re8 26. Qe3 Re5 27. c5 d5 28. f4
Re8 29. Qg3 Bg7 30. Qf2 Rd8 31. Rd4 Bxd4 32. Qxd4 Rf8 33. g3 Bb5 34. Kh2 c6 35.
Re3 Bc4 36. a3 Qf6 37. Qxf6 Rxf6 38. Re1 Bd3 39. Kg2 Kf8 40. Kf2 Ke7 41. Nf3 Bb5
42. Nd4 Rf8 43. Ke3 Kf6 44. Ra1 Ba4 45. Re1 Ra8 46. Rc1 a5 47. Rb1 Bb5 48. a4
Bxa4 49. bxa5 Rxa5 50. Rxb7 Rxc5 51. f5 gxf5 52. Rh7 Rc3+ 53. Kf4 c5 54. Rh6+
Kf7 55. Nxf5 Bd7 56. Rh7+ Kg6 57. Rxd7 Rf3+ 58. Ke5 Rxf5+ 59. Ke6 e3 60. Rd8 e2
61. Rg8+ Kh7 0-1

[Event "World Blitz Championship"]
[Site "Moscow RUS"]
[Date "2019.12.29"]
[EventDate "2019.12.29"]
[Round "6.17"]
[Result "1/2-1/2"]
[White "Hao Wang"]
[Black "Nikita Petrov"]
[WhiteElo "2756"]
[BlackElo "2585"]
[PlyCount "136"]

1. e4 e5 2. Nf3 Nc6 3. Bc4 Bc5 4. c3 Nf6 5. d3 d6 6. Nbd2 a5 7. Bb3 O-O 8. h3
Be6 9. Qe2 a4 10. Bc2 d5 11. Nf1 d4 12. Ng3 h6 13. O-O b5 14. a3 dxc3 15. bxc3
Bb3 16. Rb1 Bxc2 17. Qxc2 Rb8 18. d4 Bd6 19. dxe5 Bxe5 20. Nf5 Re8 21. Rd1 Qc8
22. Nxe5 Nxe5 23. f4 Nc4 24. e5 Nd7 25. Ne3 Nc5 26. Nxc4 bxc4 27. Rb4 Qe6 28.
Rd4 Nb3 29. Rdxc4 c5 30. Rxa4 Nxc1 31. Qxc1 Red8 32. Kh2 Qf5 33. Re4 Rd3 34. Qc2
Qd7 35. Re2 Rd8 36. Rae4 Qd5 37. e6 fxe6 38. Rxe6 c4 39. R6e4 Qc6 40. a4 h5 41.
a5 h4 42. Qa2 Qg6 43. Qxc4+ Kh7 44. Re1 Qg3+ 45. Kh1 Rd2 46. Qf1 Rf2 47. Qg1
Rdd2 48. R4e3 Qxf4 49. a6 Ra2 50. Re4 Qf6 51. Rg4 Rxa6 52. Rb1 Raa2 53. Qd1 g5
54. Qd7+ Kg6 55. Qd3+ Qf5 56. Qxf5+ Rxf5 57. Kg1 Rc2 58. c4 Rc5 59. Rb6+ Kf5 60.
Rb4 Re5 61. Rb1 Rc5 62. Rf1+ Kg6 63. Re4 R2xc4 64. Re6+ Kg7 65. Re7+ Kg6 66.
Re6+ Kg7 67. Ra1 Rc1+ 68. Rxc1 1/2-1/2

[Event "World Blitz Championship"]
[Site "Moscow RUS"]
[Date "2019.12.29"]
[EventDate "2019.12.29"]
[Round "7.17"]
[Result "1-0"]
[White "Konstantin Sakaev"]
[Black "Hao Wang"]
[WhiteElo "2596"]
[BlackElo "2756"]
[PlyCount "64"]

1. d4 Nf6 2. c4 e6 3. Nf3 Bb4+ 4. Bd2 c5 5. Bxb4 cxb4 6. g3 b6 7. Bg2 Bb7 8. O-O
O-O 9. Nbd2 a5 10. Qc2 d6 11. e4 Nfd7 12. Rfe1 e5 13. Rad1 Nc6 14. Nf1 Re8 15.
Ne3 g6 16. Qd2 exd4 17. Nxd4 Nc5 18. Nxc6 Bxc6 19. Qxd6 Qxd6 20. Rxd6 Bxe4 21.
Ng4 Kg7 22. Nf6 Red8 23. Rxd8 Rxd8 24. Nxe4 Re8 25. Re3 Ne6 26. Rd3 Re7 27. Kf1
f5 28. Nd2 Nc5 29. Rd6 Na4 30. b3 Nc3 31. Rxb6 Rd7 32. Rb7 1-0